| 000 | 00419nam a2200121Ia 4500 | ||
|---|---|---|---|
| 008 | 220620s9999||||xx |||||||||||||| ||und|| | ||
| 100 | _aMcConlogue, Teresa | ||
| 245 | 0 |
_aAssessment and Feedback in Higher Education _bA Guide for Teachers |
|
| 546 | _aEnglish[eng] | ||
| 650 | _aEducation: examinations and assessment | ||
| 856 | _uhttps://library.oapen.org/bitstream/20.500.12657/39430/1/9781787353640.pdf | ||
| 942 | _cEB | ||
| 999 |
_c32879 _d32879 |
||